01221nem a2200217 u 450000500170000000800410001704000250005804100080008304400070009111000820009824501650018025500120034526000980035730000360045550003990049165000180089065000150090865000160092371000180093971000460095720200104041742.0160503b2005 c ||||| |b|| 00| 0 spa d aCO-BoIAVHcCO-BoIAVH aspa ack2 aInstituto de Investigación de Recursos Biológicos Alexander von Humboldt.1 aMapa de zonificación ambiental preliminar de la cuenca Cane - IguaquecUnidad de sistemas de información geográfica UNISIG- IAvH h[Material Cartografico] a1:00000 aBogotábInstituto de Investigación de Recursos Biológicos Alexander von Humboldt.c2005 a16 mapas ;b color c44 x 30 cm aConvenio interadministrativo de cooperación técnica entre la comisión conjunta para la ordenación y manejo ambiental de la cuenca del Río Cane - Iguaque corporación autónoma regional de Boyaca, corpoboyaca- territorial norandina de la unidad administrativa especial de parques nacionales naturales y el Instituto de investigación de recursos biológicos Alexander Von Humboldt 16aHidrografía16aCarreteras16aGeografía1 aCorpoboyacá1 aParques nacionales naturales de Colombia